000 00701nam a2200205 i 4500
001 128725
003 ES-MaACL
005 20250826151342.0
007 t|
008 070524s1966 sp ||||1| spa d
080 _a929 Unamuno, Miguel de
100 1 _aTarín Iglesias, Josep.
_9109293
245 1 0 _aUnamuno y sus amigos catalanes :
_b(historia de una amistad) /
_cJosep Tarín Iglesias ; prólogo de Arturo Fernández-Cruz.
260 _aBarcelona :
_bPeñíscola,
_c1966.
300 _aXX, 194 p. ;
_c17 cm.
600 1 4 _aUnamuno, Miguel de,
_d1864-1936-
_xBiografías
_9172375
700 1 _aFernández-Cruz, A.,
_d1910-1981
_949607
852 _aES-MaACL
_jC-31999
999 _c128725
_d128725